000 00713nam a2200253Ia 4500
003 OSt
005 20220918111909.0
006 a|||||r|||| 00| 0
007 ta
008 220915b |||||||| |||| 00| 0 eng d
024 _a813
037 _cTextbook
040 _beng
_aARTS
_cARTS
041 _aeng
082 _aO111,1H40x, E4(TTO)
100 _aChaucer Geoffrey
_911050
245 0 _aNonn'e prests tale ed by Lilian Winstanley
260 _aNew York
_bCambridge Unversity Press USA
300 _alxxxvi,44p.
_ccm.
490 _aFitt press series
650 _aENGLISH LITERATURE
942 _hO111,1H40x, E4(TTO)
_cTB
_2CC
999 _c117102
_d117102